1384 1662 1707 1657 1736 1689 1370 1291 1321 1928 1634 1860 1592 1809 1543 1990 1507 1688 1994 1120 1168 1373 1069 1442 1123 1507 1181 1055 1922 1536 1966 1391 1177 1688 1423 1901 1616 1129 1938 1076 1941 1819 1951 1894 1738 1336 1956 1177 1806 1304 1672 1820 1479 1974 1520 1478 1634 1582 1171 1456 1906 1613 1519 1995 1654 1553 1504 1615 1322 1400 1638 1303 1175 1856 1361 1255 1103 1128 1659 1947 1422 1639 1873 1910 1842 1037 1186 1752 1226 1709 1920 1855 1833 1646 1106 1804 1091 1455 1697 BCNSPRNW ULIB Ver.6.0+V

เปลี่ยนเป็นภาษาไทย

Change to English
 แสดงรายละเอียดบรรณานุกรม
  กลับหน้าหลัก

Brief Record : Get Marc (ISO 2709) : E-mail record : QR code < ปิดหน้าต่าง
LEADER : 00000nam 2200000uu 4500
001    13399122558
003     ULIB
008    020711s2551 th a 000 0 tha d
099    วจ.WS460^bว494ก
100    วาณี โพธิ์นคร
110    วิทยาลัยพยาบาลบรมราชชนนี สวรรค์ประชารักษ์ นครสวรรค์
245    การพัฒนาชุดการสร้างเสริมพฤติกรรมสุขภาพทางเพศของวัยรุ่นในสถานศึกษา. /^cวาณี โพธิ์นคร และคณะ
260    นครสวรรค์ :^bวิทยาลัยพยาบาลบรมราชชนนี สวรรค์ประชารักษ์ นครสวรรค์,^c2551
300    105 หน้า
650    วัยรุ่น^xเพศ
700    สุชาดา อินทรกำแหง ณ ราชสีมา
700    จันทนา เกสรบัว
700    รพีพรรณ วิบูลย์วัฒนกิจ
945    ^p0^l0^i20005
รายการนี้ยังไม่มีแท็ก
คุณยังไม่ได้ล็อกอิน คุณสามารถมีกิจกรรมร่วมกับเว็บไซต์ได้ แต่ต้องล็อกอินก่อน ::
  ล็อกอิน

รายการสื่อสารสนเทศ

ลำดับที่ ประเภท เลขเรียก/บาร์โค้ด สถานที่ สถานะ
1. งานวิจัย
งานวิจัย
วจ.WS460 ว494ก ฉ.1 
  Barcode: 20005
ห้องสมุดวิทยาเขตสวรรค์ประชารักษ์
►วิจัย
บนชั้น

รายการใกล้เคียง
    ผู้แต่ง [วาณี โพธิ์นคร]

BibComment


ยังไม่เคยถูกคอมเมนท์

คอมเมนท์ทรัพยากรรายการนี้
  คอมเมนท์: การพัฒนาชุดการสร้..


 Copyright 2026. Bcnsprnw @Library